000
00237nam a2200097Ia 4500
001
683281
005
20250826161435.0
008
250824s9999 xx 000 0 und d
245
0
_a
YOL HALİ
_c
NAZAN BEKİROĞLU
260
_b
TİMAŞ YAYINLARI
999
_c
683281
_d
683281